00923nam a2200217 a 4500001001000000003000500010005001700015008004100032010001100073011001100084040000900095100003000104245018900134260004100323500006000364502008500424650004000509650003600549650005000585856007000635000111342CHAP20220329144207.0150327s2015 mx a fsm |||||||spa d a107804 a108776 cCHAP1 aSoto Hernández, Antonio10aValoración económica de los servicios ambientales hidrológicos en la sub-cuenca rio Vinazco, Canalejas de Otates, Zacualpan; Veracruzh[En línea]cpor Antonio Soto Hernández. aChapingo, Méx. :bEl autor,c2015. aPara ver el contenido del material haga clic en la liga aTesis (M. C. en Ciencias Forestales ) -- UACH. División de Ciencias Forestales14aCuencas hidrológicaszVeracrúz.14aCuencasxAspectos económicos.14aRecursos naturalesxConservaciónzVeracruz. aFinding aiduhttp://10.13.5.2/tesis/sist111342.pdfzTeclea aquí